| Поле | Инд. | ПП | Название | Значение |
|---|---|---|---|---|
| Тип записи | a | |||
| Библиографический уровень | m | |||
| 001 | Контрольный номер | 7b45b96b-28e5-48a4-b456-5862e07cff24 | ||
| 005 | Дата корректировки | 20140703174640.9 | ||
| 008 | Кодируемые данные | 090320 | ||
| 020 | c | Цена, тираж | 220.00 | |
| a | ISBN | 5-94774-543-7 (БИНОМ.ЛЗ) | ||
| a | ISBN | 5-9556-0066-3 (ИНТУИТ.РУ) | ||
| 040 | a | Служба первич. каталог. | НБ ТвГУ | |
| 041 | a | Код языка текста | rus | |
| 080 | a | Индекс УДК | 004.42(075.8) | |
| 080 | a | Индекс УДК | 519.17(075.8) | |
| 080 | a | Индекс УДК | 510.5(075.8) | |
| 084 | a | Индекс другой классификации/Индекс ББК | З973.2-018я73-1 | |
| a | Индекс другой классификации/Индекс ББК | В174.2я73-1 | ||
| a | Индекс другой классификации/Индекс ББК | В127я73-1 | ||
| 090 | a | Полочн. индекс | З973.2 | |
| x | Авторский знак | А 47 | ||
| 100 | 1_ | a | Автор | Алексеев Владимир Евгеньевич |
| q | Полное имя | Алексеев В. Е. | ||
| 245 | 10 | a | Заглавие | Графы и алгоритмы. Структуры данных. Модели вычислений |
| b | Продолж. заглавия | учебник для студентов, обучающихся по специальности 010200 - Прикладная математика и информатика и по направлению 510200 - Прикладная математика и информатика | ||
| 260 | 0_ | a | Место издания | Москва |
| b | Издательство | Интернет-Университет Информационных технологий | ||
| b | Издательство | БИНОМ. Лаб. знаний | ||
| c | Дата издания | 2006 | ||
| 300 | a | Объем | 318 с. | |
| b | Иллюстрации/ тип воспроизводства | ил., табл. | ||
| 440 | a | Серия | Основы информационных технологий | |
| 504 | a | Библиография | Библиогр. в конце кн. | |
| 583 | a | Действие | Получение впервые 26 19.03.2009 | |
| k | Исполнитель действия | ООО "БИНОМ" | ||
| 650 | a | Основная рубрика | Графов теория | |
| 650 | 14 | a | Основная рубрика | Компьютеры |
| x | Основная подрубрика | Программирование | ||
| 650 | 14 | a | Основная рубрика | Алгоритмы |
| x | Основная подрубрика | Учебники для вузов | ||
| 653 | a | Ключевые слова | Алгоритмы | |
| a | Ключевые слова | Анализ алгоритмов | ||
| a | Ключевые слова | Графы | ||
| a | Ключевые слова | Компьютеры | ||
| a | Ключевые слова | Модели вычислений | ||
| a | Ключевые слова | Программирование | ||
| a | Ключевые слова | Разработка алгоритмов | ||
| a | Ключевые слова | Структуры данных | ||
| a | Ключевые слова | Теория алгоритмов | ||
| a | Ключевые слова | Теория графов | ||
| 666 | a | К ру | ||
| 700 | a | Другие авторы | Таланов Владимир Александрович | |
| q | Полное имя | Таланов, В. А. | ||
| 863 | t | 00184972 | ||
| 863 | t | 00184973 | ||
| 888 | a | За счет средств университета | ||
| 901 | t | Тип документа | m | |
| 920 | a | Оператор | Густ | |
| 930 | a | Новая/Ретро | учебники | |
| 952 | p | 26.2009 220.00 1 929600 | ||
| p | 26.2009 220.00 1 929601 | |||
| c | Вид литературы | К ру | ||
| 954 | a | Дата поступления на обработку | 20090922 |